LEADER 01052nam0-2200349---450- 001 990009332190403321 005 20110321110304.0 010 $a978-88-430-5542-5 035 $a000933219 035 $aFED01000933219 035 $a(Aleph)000933219FED01 035 $a000933219 100 $a20110321d2010----km-y0itay50------ba 101 0 $aita 102 $aIT 105 $ay-------001yy 200 1 $aAlfredo Rocco$edalla crisi del parlamentarismo alla costruzione dello Stato nuovo$fa cura di Emilio Gentile, Fulco Lanchester, Alessandra Tarquini 210 $aRoma$cCarocci$d2010 215 $a205 p.$d22 cm 225 1 $aBiblioteca di testi e studi$v607 610 0 $aRocco, Alfredo 676 $a345.450092$v20$zita 702 1$aTarquini,$bAlessandra 702 1$aGentile,$bEmilio$f<1946- > 702 1$aLanchester,$bFulco 801 0$aIT$bUNINA$gREICAT$2UNIMARC 901 $aBK 912 $a990009332190403321 952 $aCollez. 1587 (607)$b46586$fFSPBC 959 $aFSPBC 996 $aAlfredo Rocco$9766445 997 $aUNINA